| 000 | 00878cam a22002531 4500 | ||
|---|---|---|---|
| 001 | agr39000751 | ||
| 003 | DLC | ||
| 005 | 20260227110958.0 | ||
| 008 | 820205s1939 dcu f000 0 eng c | ||
| 010 | _aagr39000751 | ||
| 035 | _a(OCoLC)8129708 | ||
| 040 |
_aU.S. Dept. of agr. Library _cVi _dVi _dDLC |
||
| 042 | _apremarc | ||
| 050 | 0 | 0 |
_aZ5073 _b.U57 no. 24 1939 |
| 082 | _a016.63 s | ||
| 086 | 0 | _aA 17.8:no.24 ed.2 | |
| 100 | 1 |
_aEdwards, Everett Eugene, _d1900- |
|
| 245 | 1 | 0 |
_aSelected references on the history of English agriculture. _cBy Everett E. Edwards ... |
| 260 |
_aWashington, D.C. _c[1939] |
||
| 300 |
_av, 105 p. _c27 cm. |
||
| 490 | 0 |
_aU.S. Dept. of Agriculture. Library. Bibliographical contributions _vno. 24. (Edition 2) |
|
| 500 | _aContribution from Bureau of Agricultural Economics. | ||
| 650 | 0 |
_aAgriculture _zGreat Britain _xHistory _vBibliography. |
|
| 999 |
_c9989 _d9989 |
||